000 00521nam a2200157Ia 4500
005 20250429114324.0
008 231217s9999 xx 000 0 und d
020 _a9781556156779
082 _a001.6424WIN RIC1;1 R
100 _aRichter, Jeffrey.
245 0 _aAdvanced windows : the developer's guide to the win32, API for windows NT 3.5 and windows 95
260 _c1995
_bMicrosoft Press
_aUSA
300 _axxxiv+930
650 _aAdvanced,windows,developer's,win32,,API,windows,NT,3.5,windows,95
942 _cAA
999 _c182628
_d182628